000 00444nam a2200157 i 4500
001 bg
245 0 0 _aProcnost', ustojcivost', kolebanija :
_bspravocnik v trech tomach.
_nT. 2 /
_cpod obscej red. I.A. Birgera i Ja. G. Panovko.
260 _aMoskva,
_c1968.
700 1 _aBirger, I. A.
_eRed.
700 1 _aPanovko, Ja. G.
040 _cBPK
041 _apol
080 _a539.3/.6
942 _cKS
008 s pl f |000 0 pol
999 _c13063
_d13063